000 00415pab a2200145 454500
008 180718b1987 xxu||||| |||| 00| 0 eng d
100 _aNellor, David C.L.
245 _aSoveriegnty and natural resources taxation in developing countries
260 _c1987
300 _a367-92
362 _aJan.
650 _aTaxation - Underdeveloped Areas
773 _aEconomic Development & Cultural Change
909 _a19057
999 _c19057
_d19057